Memoria informativa de programas (Record no. 189850)

MARC details
000 -LEADER
campo de control de longitud fija 00834nas a2200205 i 4500
001 - NÚMERO DE CONTROL
campo de control 189850
003 - IDENTIFICADOR DE NÚMERO DE CONTROL
campo de control ES-MaACL
005 - FECHA Y HORA DE LA ÚLTIMA TRANSACCIÓN
campo de control 20250217134934.0
008 - DATOS DE LONGITUD FIJA--INFORMACIÓN GENERAL
campo de control de longitud fija 191210d1963 sp a| | ||pa d
022 ## - NÚMERO INTERNACIONAL NORMALIZADO PARA PUBLICACIONES SERIADAS
Número Internacional Normalizado para Publicaciones Seriadas 2478-561X
110 2# - ENTRADA PRINCIPAL--NOMBRE DE ENTIDAD CORPORATIVA
Nombre de entidad corporativa o nombre de jurisdicción como elemento de entrada Universidad de Navarra.
Unidad subordinada Instituto de Estudios Superiores de la Empresa.
9 (RLIN) 7255
245 10 - MENCIÓN DEL TÍTULO
Título Memoria informativa de programas
Resto del título : año académico... /
Mención de responsabilidad, etc. Universidad de Navarra, Instituto de Estudios Superiores de la Empresa.
260 ## - PUBLICACIÓN, DISTRIBUCIÓN, ETC.
Lugar de publicación, distribución, etc. Barcelona :
Nombre del editor, distribuidor, etc. IESE,
Fecha de publicación, distribución, etc. 1963-
300 ## - DESCRIPCIÓN FÍSICA
Extensión 5 v. ;
Dimensiones 30 cm.
610 24 - PUNTO DE ACCESO ADICIONAL DE MATERIA--NOMBRE DE ENTIDAD CORPORATIVA
Nombre de entidad corporativa o nombre de jurisdicción como elemento de entrada Universidad de Navarra.
Unidad subordinada Instituto de Estudios Superiores de la Empresa-
Subdivisión de forma Programas de estudio.
9 (RLIN) 169046
852 ## - LOCALIZACIÓN
Ubicación ES-MaACL
Número de control de estantería P-1118
852 ## - LOCALIZACIÓN
Ubicación ES-MaACL
Número de control de estantería A-9219
Nota libre .- (Año 1977-1978)
866 #0 - MENCIÓN TEXTUAL DE FONDOS--UNIDAD BIBLIOGRÁFICA BÁSICA
Fondos 1964/1965,1965/1966, 1967/1968, 1971/1972, 1977/1978
Holdings
Estatus retirado Estado de pérdida Estado de daño No para préstamo Colección Biblioteca de origen Biblioteca actual Ubicación en estantería Fecha de adquisición Fuente de adquisición Total de préstamos Signatura topográfica completa Código de barras Visto por última vez Precio de reemplazo Tipo de ítem Koha
        Periódicos y Revistas Biblioteca del Ateneo de Madrid Biblioteca del Ateneo de Madrid Depósito 1 10/12/2019     A-9219 1201368 23/02/2023 23/02/2023 Revista
        Periódicos y Revistas Biblioteca del Ateneo de Madrid Biblioteca del Ateneo de Madrid Depósito 2 10/12/2019     P-1118 1201367 23/02/2023 23/02/2023 Revista